| 000 | 00427nam a22001817a 4500 | ||
|---|---|---|---|
| 003 | LK-CoDNM | ||
| 005 | 20250117142529.0 | ||
| 008 | 250116b |||||||| |||| 00| 0 eng d | ||
| 040 |
_aLK-CoDNM _dLK-CoDNM _eLK-CoDNM |
||
| 041 | _aeng | ||
| 080 |
_a11 _bO9 |
||
| 245 |
_aThe agricultural magazine Colombo _bVol.10 & No.4 |
||
| 260 | _c1898 | ||
| 300 | _b10p. ; 25 cm | ||
| 650 | _aScience | ||
| 650 | _a1898 | ||
| 942 | _cBK | ||
| 999 |
_c236812 _d236812 |
||